| 000 | 00487cam a2200181ua 4500 | ||
|---|---|---|---|
| 001 | 10585 | ||
| 008 | 190319n ii |||gr||||Z||||||eng | ||
| 020 | _a9788183703482 | ||
| 040 | _cMAIN | ||
| 082 | _a361.954 | ||
| 100 |
_aTarun Bikash Sukai, _eAuthor. |
||
| 245 | _aGlobalization and social problems in india | ||
| 250 | _a1st ed. | ||
| 260 |
_aNew Delhi: _bAkansha publishing house, _c2013. |
||
| 300 | _a220p. | ||
| 653 | _aSocial problems & social welfare in general | ||
| 942 | _cBK | ||
| 999 |
_c9558 _d9558 |
||